Score 0/20 Timer 06:00
0 Plays Today
Rank Country % Correct
4.Iraq
87.8%
6.Israel
81.8%
3.Saudi-Arabia
70.4%
12.Syria
66%
17.Turkey
60.3%
5.Jordan
58.7%
7.Yemen
58.7%
16.Kuwait
57.6%
1.Oman
56.5%
2.Qatar
51.4%
Rank Country % Correct
19.Morocco
31.3%
9.Eritrea
29.6%
8.Armenia
28%
20.Singapore
20.9%
13.Angola
20.4%
11.Burundi
15.2%
14.Mauritania
11.7%
18.El Salvador
8.4%
15.Maldives
8.2%
10.Macedonia
6.5%
Remove Ads.
Support Sporcle.
Get the best of Sporcle when you Go Orange. This ad-free experience offers more features, more stats, and more fun while also helping to support Sporcle. Thank you for becoming a member.

You're not logged in!

Compare scores with friends on all Sporcle quizzes.
OR
Log In

Sporcle TV

Today on Sporcle TV


Watch our educational content, quiz creation guides, and fun videos on Sporcle TV.

Show Comments

Extras

Top Quizzes Today


Score Distribution

Paid Content

Your Account Isn't Verified!

In order to create a playlist on Sporcle, you need to verify the email address you used during registration. Go to your Sporcle Settings to finish the process.

Report this User

Report this user for behavior that violates our Community Guidelines.

Details: